| 000 | 00562nam a2200133Ia 4500 | ||
|---|---|---|---|
| 008 | 220620s9999||||xx |||||||||||||| ||und|| | ||
| 020 | _a978-3-7489-2352-7 | ||
| 245 | 0 |
_aDealing with the Past _bPerspectives from Latin America, South Africa and Germany |
|
| 546 | _aEnglish[eng] | ||
| 650 | _aAfrika, Erinnerung, Europa , Gewalt, History, Konflikt, Krieg, Lateinamerika, Memory, Vergangenheitsbewältigung, military junta | ||
| 700 | _aLouis, Tatjana||Molope, Mokgadi||Peters, Stefan | ||
| 856 | _udoi.org/10.5771/9783748923527 | ||
| 942 | _cEB | ||
| 999 |
_c29440 _d29440 |
||